Jane's Chem-Bio Handbook (Record no. 60785)
[ view plain ]
| 000 -LEADER | |
|---|---|
| fixed length control field | 00594nam a22001937a 4500 |
| 003 - CONTROL NUMBER IDENTIFIER | |
| control field | NUST-PNEC |
| 005 - DATE AND TIME OF LATEST TRANSACTION | |
| control field | 20170116180707.0 |
| 008 - FIXED-LENGTH DATA ELEMENTS--GENERAL INFORMATION | |
| fixed length control field | 140927b xxu||||| |||| 00| 0 eng d |
| 020 ## - INTERNATIONAL STANDARD BOOK NUMBER | |
| International Standard Book Number | 0710625715 |
| 040 ## - CATALOGING SOURCE | |
| Transcribing agency | PNEC |
| 082 ## - DEWEY DECIMAL CLASSIFICATION NUMBER | |
| Classification number | 615.9 DWY |
| 100 ## - MAIN ENTRY--PERSONAL NAME | |
| 9 (RLIN) | 398 |
| Personal name | Dwyer Adrian |
| 245 ## - TITLE STATEMENT | |
| Title | Jane's Chem-Bio Handbook |
| Statement of responsibility, etc. | Adrian Dwyer |
| 250 ## - EDITION STATEMENT | |
| Edition statement | 2nd ed. |
| 260 ## - PUBLICATION, DISTRIBUTION, ETC. | |
| Place of publication, distribution, etc. | Virginia |
| Name of publisher, distributor, etc. | JIG |
| Date of publication, distribution, etc. | c.2004 |
| 300 ## - PHYSICAL DESCRIPTION | |
| Dimensions | 16 cm |
| 500 ## - GENERAL NOTE | |
| General note | http://www.amazon.com/Janes-Chem-Bio-Handbook-International-Language/dp/0710625715/ref=sr_1_1?s=books&ie=UTF8&qid=1411809363&sr=1-1&keywords=0710625715 |
| 942 ## - ADDED ENTRY ELEMENTS (KOHA) | |
| Source of classification or shelving scheme | |
| Koha item type | Book |
| Withdrawn status | Lost status | Source of classification or shelving scheme | Damaged status | Not for loan | Permanent Location | Current Location | Shelving location | Date acquired | Source of acquisition | Cost, normal purchase price | Total Checkouts | Full call number | Barcode | Date last seen | Cost, replacement price | Price effective from | Koha item type |
|---|---|---|---|---|---|---|---|---|---|---|---|---|---|---|---|---|---|
| Pakistan Navy Engineering College (PNEC) | Pakistan Navy Engineering College (PNEC) | Reference | 06/13/2006 | Progressive International Agency | 946.00 | 615.9 DWY | PNECLIB-028014 | 09/27/2014 | 946.00 | 06/13/2006 | Book |
